Geografické predpoklady cestovného ruchu pre tvorbu regiónov v súlade s požiadavkami Európskej únie (na príklade NUTS 2 - región Východné Slovensko)

Rozvoj regiónov cestovného ruchu v SR. Vymedzenie plánovacích jednotiek EÚ - Regióny NUTS. Predpoklady cestovného ruchu v regióne Východné Slovensko - NUTS 2. Oblasti a podoblasti cestovného ruchu I. kategórie.

Gespeichert in:
Bibliographische Detailangaben
1. Verfasser: Mišúnová, Ema
Format: Buchkapitel
Sprache:Slowakisch
Schlagworte:
Tags: Tag hinzufügen
Keine Tags, Fügen Sie das erste Tag hinzu!

MARC

LEADER 00000naa a2200000 4500
001 r044664
005 20230929123711.1
041 0 |a slo 
044 |a CZ 
245 1 0 |a Geografické predpoklady cestovného ruchu pre tvorbu regiónov v súlade s požiadavkami Európskej únie (na príklade NUTS 2 - región Východné Slovensko)  |c Ema Mišúnová 
520 |a Rozvoj regiónov cestovného ruchu v SR. Vymedzenie plánovacích jednotiek EÚ - Regióny NUTS. Predpoklady cestovného ruchu v regióne Východné Slovensko - NUTS 2. Oblasti a podoblasti cestovného ruchu I. kategórie. 
610 2 0 |a ruch cestovný 
610 2 0 |a Slovensko 
610 2 0 |a Európska únia 
610 2 0 |a regióny 
610 2 0 |a fondy štruktúrne 
610 2 0 |a podmienky prírodné 
100 1 |a Mišúnová, Ema